| 000 | 01484cad a22002175a 4500 | ||
|---|---|---|---|
| 001 | L154597 | ||
| 008 | 120105s2011 000 0 eng u | ||
| 035 | _a(Sirsi) u154597 | ||
| 041 | 0 | _aeng | |
| 110 | 1 |
_aUnited Kingdom _bDepartment for Business, Innovation and Skills _95760 |
|
| 245 | 0 | 0 |
_aConstruction statistics _h[electronic resource] |
| 260 |
_aLondon _bBIS _c2011 |
||
| 520 | _aBIS Construction Market Intelligence (CMI) has responsibility for the collection, analysis and publication of statistics on the construction sector. The service includes regular statistical analyses of building materials and overseas trade, price and cost indices and key performance indicators for the construction industry; statistical advice and BIS economists assess the construction market and the formulation of efficient policies. Publications and organisations are Monthly Statistics of Building Materials and Components, BIS Construction Price and Cost Indices Online, Construction Key Performance Indicators, Output and New Orders in the Construction Industry, and Consultative Committee on Construction Industry Statistics (CCCIS). | ||
| 590 | _aKA | ||
| 651 | 4 |
_aUnited Kingdom _y |
|
| 690 | _aBUILT ENVIRONMENT-BUILDING COSTS | ||
| 690 | _aBUILT ENVIRONMENT-CONSTRUCTION MARKET | ||
| 710 | 1 |
_aUnited Kingdom _bOffice of National Statistics _92035 |
|
| 856 | 4 | 0 |
_uhttps://www.bis.gov.uk/analysis/statistics/construction-statistics _zView the website at www.bis.gov.uk |
| 942 | _n0 | ||
| 999 |
_c113054 _d113054 |
||